Sharatchandra ki sarvashresth kahaniya (Record no. 3730)

MARC details
000 -LEADER
fixed length control field 00430nam a22001817a 4500
003 - CONTROL NUMBER IDENTIFIER
control field OSt
005 - DATE AND TIME OF LATEST TRANSACTION
control field 20250318130029.0
008 - FIXED-LENGTH DATA ELEMENTS--GENERAL INFORMATION
fixed length control field 250318b |||||||| |||| 00| 0 eng d
020 ## - INTERNATIONAL STANDARD BOOK NUMBER
International Standard Book Number 9788195379576
082 ## - DEWEY DECIMAL CLASSIFICATION NUMBER
Classification number 8H3
Item number SHAS
100 ## - MAIN ENTRY--PERSONAL NAME
Personal name Sharatchandra
245 ## - TITLE STATEMENT
Title Sharatchandra ki sarvashresth kahaniya
260 ## - PUBLICATION, DISTRIBUTION, ETC.
Place of publication, distribution, etc. Gurugram
Name of publisher, distributor, etc. Lexicon Books
300 ## - PHYSICAL DESCRIPTION
Extent 328p.
546 ## - LANGUAGE NOTE
Language note Hindi
651 ## - SUBJECT ADDED ENTRY--GEOGRAPHIC NAME
Geographic name 8H3 SHAS
942 ## - ADDED ENTRY ELEMENTS (KOHA)
Source of classification or shelving scheme Dewey Decimal Classification
Koha item type Book
Holdings
Withdrawn status Lost status Source of classification or shelving scheme Damaged status Not for loan Collection code Home library Current library Shelving location Date acquired Source of acquisition Cost, normal purchase price Inventory number Total Checkouts Full call number Barcode Date last seen Date last checked out Price effective from Koha item type
    Dewey Decimal Classification     Fiction RIC Library RIC Library General Stacks 03/18/2025 Subhi publications 250.00 199/21.02.2025 2 8H3 SHAS 003018 12/04/2025 11/21/2025 03/18/2025 Book

Venue

Rajasthan International Centre
Sansthan Path,JLN Marg, Jaipur- 302017
Phone: +91-7230904025